Final settlement report of the Meerut District (Record no. 696610)

MARC details
000 -LEADER
fixed length control field 00720nam a2200253Ia 4500
003 - CONTROL NUMBER IDENTIFIER
control field OSt
005 - DATE AND TIME OF LATEST TRANSACTION
control field 20220927110420.0
008 - FIXED-LENGTH DATA ELEMENTS--GENERAL INFORMATION
fixed length control field 220926b |||||||| |||| 00| 0 eng d
037 ## - SOURCE OF ACQUISITION
Terms of availability Reports
040 ## - CATALOGING SOURCE
Original cataloging agency RTL
Transcribing agency RTL
Language of cataloging eng
041 ## - LANGUAGE CODE
Source of code eng
Language code of text/sound track or separate title eng
100 ## - MAIN ENTRY--PERSONAL NAME
Personal name Chcooke
9 (RLIN) 378096
110 ## - MAIN ENTRY--CORPORATE NAME
Corporate name or jurisdiction name as entry element UTTAR PRADESH
9 (RLIN) 350962
245 #0 - TITLE STATEMENT
Title Final settlement report of the Meerut District
260 ## - PUBLICATION, DISTRIBUTION, ETC.
Place of publication, distribution, etc. Delhi
Name of publisher, distributor, etc. Government Press
Date of publication, distribution, etc. 1940
650 ## - SUBJECT ADDED ENTRY--TOPICAL TERM
Topical term or geographic name entry element Land Taxation
700 ## - ADDED ENTRY--PERSONAL NAME
Personal name UTTAR PRADESH
9 (RLIN) 350963
942 ## - ADDED ENTRY ELEMENTS (KOHA)
Classification part "X723.25253.N5t, H0/GD"
Koha item type
Holdings
Withdrawn status Lost status Damaged status Not for loan Home library Current library Date acquired Total Checkouts Full call number Barcode Date last seen Price effective from Koha item type
        Ratan Tata Library Ratan Tata Library 2022-09-27   "X723.25253.N5t H0/GD" RT0016863 2022-09-27 2022-09-27  
Copyright @ Delhi University Library System